{"text_format":"3","workbook":"xls","n_sheets":1,"sheets":["QL02标"],"not_rendered":{"comments":2},"read":"whole","date_system":"1900","formulas":"cached_only"}

{"sheet":"QL02标","index":0,"n_rows":74,"n_cols":9,"rows_kept":74,"merged":[[0,0,0,8],[73,0,73,6]],"flags":["formulas_cached_only"]}
["春水路高架桥QL02标（13-22）"]
["子目号","子 目 名 称","工作内容描述","费用内容","单位","数量（暂定）","劳务单价","金额","备注"]
[403,"钢筋"]
["403-1","基础钢筋(含灌注桩、承台、桩系梁、沉桩、沉井等)"]
["-a","光圆钢筋(HPB235 、HPB300)","1.钢筋的保护、储存及除锈；2.钢筋整直、接头；3.钢筋截断和弯曲以及防腐处理；4、安装声测管；5.钢筋运输、安设、支撑及固定。","单价除钢筋材料、甲供设备以外，包含为完成此项工作的全部费用","kg",38427.5,0.9,34584.75]
["-b","带肋钢筋(HRB335 、HRB400)","1.钢筋的保护、储存及除锈；2.钢筋整直、接头；3.钢筋截断和弯曲以及防腐处理；4、安装声测管；5.钢筋运输、安设、支撑及固定。","单价除钢筋材料、甲供设备以外，包含为完成此项工作的全部费用","kg",455521,0.95,432744.95]
["403-2","下部结构钢筋"]
["-a","光圆钢筋(HPB300)","1.钢筋的保护、储存及除锈；2.钢筋整直、接头；3.钢筋截断和弯曲以及防腐处理；4.钢筋运输、安设、支撑及固定。","单价除钢筋材料、甲供设备以外，包含为完成此项工作的全部费用","kg",7982.16,0.95,7583.052]
["-b","带肋钢筋(HRB400)","1.钢筋的保护、储存及除锈；2.钢筋整直、接头；3.钢筋截断和弯曲以及防腐处理；4.钢筋运输、安设、支撑及固定。","单价除钢筋材料、甲供设备以外，包含为完成此项工作的全部费用","kg",517810.7,1,517810.7]
[404,"基坑开挖及回填"]
["404-5","回填土方","1、场地清理；2、排水处理；3、基坑开挖、支护；4、基坑检查及整修；5、基坑回填及压实；6、方清运弃","完成此项工作全部费用","m3",4448.14,15,66722.1]
[405,"钻孔灌注桩"]
["405-1","钻孔灌注桩"]
["-a","陆上钻孔灌注桩(φ120cm）","1、安设护筒及设置钻孔平台；2、钻机安装就位及拆卸；3、钻孔、成孔和检查；4、混凝土振捣、浇筑；5、破桩头；6、泥浆池制作及清理","除混凝土以外，包含为完成此项工作的全部费用","m",0,700,0]
["-b","陆上钻孔灌注桩(φ150cm）","1、安设护筒及设置钻孔平台；2、钻机安装就位及拆卸；3、钻孔、成孔和检查；4、混凝土振捣、浇筑；5、破桩头；7、泥浆池制作及清理","除混凝土以外，包含为完成此项工作的全部费用","m",1639.68,1100,1803648]
["-c","钢护筒埋设（溶洞处理）(暂定工程量)",null,null,"kg"]
["405-2","钻取混凝土芯样检测(暂定工程量)",null,null,"m"]
[410,"结构混凝土工程"]
["410-1","混凝土基础(包括支撑梁、桩基承台、桩系梁，但不包括桩基)"]
["-a","桩基承台（C30混凝土）","1、场地清理；2、搭拆作业平台；3、安拆模板及安设预埋件；4、混凝土振捣、浇筑、养护；5、施工缝、沉降缝处理；6、防水、防冻、防腐处理","除混凝土以外，包含为完成此项工作的全部费用","m3",1773,150,265950]
["-b","桩基承台（C20混凝土）","1、场地清理；2、搭拆作业平台；3、安拆模板及安设预埋件；4、混凝土振捣、浇筑、养护；5、施工缝、沉降缝处理；7、防水、防冻、防腐处理","除混凝土以外，包含为完成此项工作的全部费用","m3",113.4,150,17010]
["410-2","混凝土下部结构"]
["-a","桥墩墩柱混凝土（C40混凝土）","1、场地清理；2、搭拆作业平台；3、安拆模板及安设预埋件（包括支座预埋件、防震锚栓等）；4、混凝土振捣、浇筑、养护；5、施工缝、沉降缝处理；6、防水、防冻、防腐处理","除混凝土以外，包含为完成此项工作的全部费用","m3",1294.63,320,414281.6]
["-b","耳、背墙混凝土（C40混凝土）","1、场地清理；2、搭拆作业平台；3、安拆模板及安设预埋件（包括支座预埋件、防震锚栓等）；4、混凝土振捣、浇筑、养护；5、施工缝、沉降缝处理；6、防水、防冻、防腐处理","除混凝土以外，包含为完成此项工作的全部费用","m3",52.53,320,16809.6]
["-c","盖梁、挡块混凝土（C40混凝土）","1、场地清理；2、搭拆作业平台；3、安拆模板及安设预埋件（包括支座预埋件、防震锚栓等）；4、混凝土振捣、浇筑、养护；5、施工缝、沉降缝处理；6、防水、防冻、防腐处理","除混凝土以外，包含为完成此项工作的全部费用","m3",91.72,320,29350.4]
["-e","盖梁混凝土（C50混凝土）","1、场地清理；2、搭拆作业平台；3、安拆模板及安设预埋件（包括支座预埋件、防震锚栓等）；4、混凝土振捣、浇筑、养护；5、施工缝、沉降缝处理；6、防水、防冻、防腐处理","除混凝土以外，包含为完成此项工作的全部费用","m3",1184.76,350,414666]
["-f","支座垫石（C50混凝土）","1、工作面清理；2、搭拆作业平台；3、安拆支架、模板；4、混凝土振捣、浇筑、养护","除混凝土以外，包含为完成此项工作的全部费用","m3",13.05,500,6525]
["403-4","附属结构钢筋"]
["-a","光圆钢筋(HPB300)","1.钢筋的保护、储存及除锈；2.钢筋整直、接头；3.钢筋截断和弯曲以及防腐处理；4.钢筋运输、安设、支撑及固定。","单价除钢筋材料、甲供设备以外，包含为完成此项工作的全部费用","kg",9148.53,0.95,8691.1035]
["-b","带肋钢筋(HRB400)","1.钢筋的保护、储存及除锈；2.钢筋整直、接头；3.钢筋截断和弯曲以及防腐处理；4.钢筋运输、安设、支撑及固定。","单价除钢筋材料、甲供设备以外，包含为完成此项工作的全部费用","kg",76101.01,1,76101.01]
["403-3","上部结构钢筋"]
["-a","光圆钢筋(HPB300)","1.钢筋的保护、储存及除锈；2.钢筋整直、接头；3.钢筋截断和弯曲以及防腐处理；4.钢筋运输、安设、支撑及固定。","单价除钢筋材料、甲供设备以外，包含为完成此项工作的全部费用","kg",25879.5,1,25879.5]
["-b","带肋钢筋(HRB400)","1.钢筋的保护、储存及除锈；2.钢筋整直、接头；3.钢筋截断和弯曲以及防腐处理；4.钢筋运输、安设、支撑及固定。","单价除钢筋材料、甲供设备以外，包含为完成此项工作的全部费用","kg",98210.8,1,98210.8]
["410-5","桥梁上部结构现浇整体化混凝土"]
["-a","成品不锈钢护栏基础（C30混凝土）","1、工作面清理；2、搭拆作业平台；3、安拆支架、模板；4、混凝土振捣、浇筑、养护","除混凝土以外，包含为完成此项工作的全部费用","m3",15.91,310,4932.1]
["-b","防撞护栏基础（C40混凝土）","1、工作面清理；2、搭拆作业平台；3、安拆支架、模板；4、混凝土振捣、浇筑、养护","除混凝土以外，包含为完成此项工作的全部费用","m3",201.51,310,62468.1]
["-c","桥面接缝混凝土（C50混凝土）","1、工作面清理；2、搭拆作业平台；3、安拆支架、模板；5、混凝土振捣、浇筑、养护","除混凝土以外，包含为完成此项工作的全部费用","m3",663.673,350,232285.55]
["410-6","现浇混凝土附属结构"]
["-a","搭板（C30混凝土）","1、场地清理；2、搭拆作业平台；3、安拆模板及安设预埋件；4、混凝土振捣、浇筑、养护；5、施工缝、沉降缝处理；6、防水、防冻、防腐处理","除混凝土以外，包含为完成此项工作的全部费用","m3",38.64,115,4443.6]
["-b","人行道板基座（C30混凝土）","1、工作面清理；2、搭拆作业平台；3、安拆支架、模板、运输、吊装；4、混凝土振捣、浇筑、养护","除混凝土以外，包含为完成此项工作的全部费用","m3",496.66,115,57115.9]
["410-7","预制混凝土附属结构",null,null,"m3",null,null,0]
["-a","预制人行道板(C30混凝土）","1、工作面清理；2、搭拆作业平台；3、安拆支架、模板、预制块运输、吊装4、混凝土振捣、浇筑、养护","除混凝土以外，包含为完成此项工作的全部费用","m3",100.62,650,65403]
[411,"预应力混凝土工程"]
["411-5","后张法预应力钢绞线"]
["-a","预应力钢绞线","1、工作面清理；2、管道清理冲洗、3、管道安装连接；4、外购压浆料；5、压浆设备","除锚具、钢绞线以外；包含为完成此项工作的全部费用","kg",41544.9,2.65,110093.985]
["411-8","预制预应力混凝土上部结构",{"$nulls":5},0]
["-a","预应力C50混凝土箱梁","梁底楔块制作安装，预制构件的吊设、安装、梁板间连接临时加固","除预制构件的制作和外运以外，包含为完成此项工作的全部费用","m3"]
[413,"砌石工程"]
["413-1","浆砌片石"]
["-a","M7.5浆砌片石锥坡","1、基础清理；2、基底检查；3、外购材料；4、铺筑基础垫层；5、搭拆脚手架；6、配拌运砂浆；7、砌筑勾缝抹面养护；8、沉降缝处理","为完成此项工作的全部费用","m3"]
["-b","锥坡土方开挖",null,null,"m3"]
[415,"桥面铺装"]
["415-2","水泥混凝土桥面铺装"]
["-a","C50防水混凝土","1、场地清理；2、混凝土浇筑、振捣、养护；3、施工缝、沉降缝设置处理","除混凝土以外，包含为完成此项工作的全部费用","m3",1114.4,140,156016]
["-b","60mm厚AC-20中粒式沥青混凝土",null,null,"m2"]
["-c","40mm厚AC-13细粒式改性沥青混凝土",null,null,"m2"]
["-d","带肋D10冷轧定型钢筋网","1.钢筋的保护、储存及除锈；2.钢筋整直、接头；3.钢筋截断和弯曲以及防腐处理；4.钢筋运输、安设、支撑及固定。","单价除钢筋材料、甲供设备以外，包含为完成此项工作的全部费用","kg",137241.94,0.36,49407.0984]
["415-4","桥面排水"]
["-a","竖、横向集中排水管"]
["-a-1","φ110mm铸铁管",null,null,"个"]
["-a-2","φ120mmPVC排水管","1、场地清理；2、马超作业平台；3、外购材料；4、钻孔安设排水管道锚固件；5、安设排水设施","为完成此项工作的全部费用","m",46,48,2208]
[416,"桥梁支座"]
["416-1","板式橡胶支座"]
["-a","GBZJH 400×600×72mm","1、清洁混凝土表面；2、砂浆配运送抹平；3、钢板制作和安装‘4、支座定位安装","除支座材料之外，包含为完成此项工作的全部费用","个",45,30,1350]
["-b","GBZJ 650×750× 148mm","1、清洁混凝土表面；2、砂浆配运送抹平；3、钢板制作和安装‘4、支座定位安装","除支座材料之外，包含为完成此项工作的全部费用","个",63,30,1890]
["-c","预埋钢板","含材料","为完成此项工作的全部费用","kg",9873.9,5.5,54306.45]
[417,"桥梁接缝和伸缩装置"]
["417-2","模数式伸缩装置"]
["-a","模数式伸缩装置(80型）（含预留槽钢纤维混凝土、钢筋及伸缩装置）","1、切割清理伸缩缝装置范围内混凝土、设置预埋件；2、伸缩缝装置定位、安装；3、混凝土浇筑、压纹、养护","除伸缩缝、混凝土材料之外，包含为完成此项工作的全部费用","m",28,380,10640]
[]
["-b","模数式伸缩装置(160型）（含预留槽钢纤维混凝土、钢筋及伸缩装置）","1、切割清理伸缩缝装置范围内混凝土、设置预埋件；2、伸缩缝装置定位、安装；3、混凝土浇筑、压纹、养护","除伸缩缝、混凝土材料之外，包含为完成此项工作的全部费用","m",56,700,39200]
["-c","人行道简易伸缩缝","1、切割清理伸缩缝装置范围内混凝土、设置预埋件；2、伸缩缝装置定位、安装；3、混凝土浇筑、压纹、养护","除伸缩缝、混凝土材料之外，包含为完成此项工作的全部费用","m",20,150,3000]
[]
["全桥合计：",{"$nulls":6},5091328.3489]